Statistiques concernant Harry Potter: le Sortilège de Réparation de Lunettes

Cliquez ici pour prendre le quiz!

Statistiques générales

  • Ce quiz a été pris 48 fois
  • Le résultat moyen est 4 sur 5

Statistiques - réponses

InformationRéponses% Correct
Première apparitionHarry Potter à l'école des sorciers
95%
FormuleOculus Reparo
90%
EffetRépare les lunettes
88%
Dernière apparition (film)Harry Potter et la Chambre des Secrets
81%
Type de sortEnchantement
52%

Distribution des résultats

Percentile par nombre de réponses

% des personnes avec chaque résultat

Votre développement - résultats

Vous n’avez pas pris ce quiz